000 00755nam a2200217 a 4500
005 20240606063712.0
008 170518s2014 mx r 000 0 spa d
020 _a9789876671088
035 _aUPN01000217882
049 _aCG
050 4 _aHF5549.5 E4.3
_bC3.3
100 1 _aCastro Santander, Alejandro,
_d1954-
_933555
245 1 0 _aEducar sin miedo :
_bclaves para prevenir el mobbing y otros riesgos psicosociales /
_cAlejandro Castro Santander, Cristina Reta Bravo.
260 _aBuenos Aires :
_bBonum,
_c2014.
300 _a239 p. :
_bil.
650 4 _aAcoso en el lugar de trabajo
_910707
650 2 _aEstrés laboral
_913133
650 4 _aViolencia en el lugar de trabajo
_922530
700 1 _aReta Bravo, Cristina,
_ecoaut.
905 _aLibro
999 _c189982
_d189982